<?xml version="1.0" encoding="UTF-8"?>
<record
    xmlns:xsi="http://www.w3.org/2001/XMLSchema-instance"
    xsi:schemaLocation="http://www.loc.gov/MARC21/slim http://www.loc.gov/standards/marcxml/schema/MARC21slim.xsd"
    xmlns="http://www.loc.gov/MARC21/slim">

  <leader>01978cam a2200289 a 4500</leader>
  <controlfield tag="001">17872949</controlfield>
  <controlfield tag="005">20150421100809.0</controlfield>
  <controlfield tag="008">130830t2014    pauak  frb    001 0 eng d</controlfield>
  <datafield tag="010" ind1=" " ind2=" ">
    <subfield code="a">2013035526</subfield>
  </datafield>
  <datafield tag="020" ind1=" " ind2=" ">
    <subfield code="a">9781451190311 (pbk.)</subfield>
  </datafield>
  <datafield tag="020" ind1=" " ind2=" ">
    <subfield code="a">145119031X (pbk.)</subfield>
  </datafield>
  <datafield tag="040" ind1=" " ind2=" ">
    <subfield code="a">DNLM/DLC</subfield>
    <subfield code="c">DLC</subfield>
    <subfield code="d">DLC</subfield>
    <subfield code="d">EG-ScBUE</subfield>
  </datafield>
  <datafield tag="082" ind1="0" ind2="0">
    <subfield code="a">610.73</subfield>
    <subfield code="2">22</subfield>
    <subfield code="b">MCE</subfield>
  </datafield>
  <datafield tag="100" ind1="1" ind2=" ">
    <subfield code="a">McEwen, Melanie.</subfield>
    <subfield code="9">37672</subfield>
  </datafield>
  <datafield tag="245" ind1="1" ind2="0">
    <subfield code="a">Theoretical basis for nursing /</subfield>
    <subfield code="c">Melanie McEwen, Evelyn M. Wills.</subfield>
  </datafield>
  <datafield tag="250" ind1=" " ind2=" ">
    <subfield code="a">4th ed.</subfield>
  </datafield>
  <datafield tag="260" ind1=" " ind2=" ">
    <subfield code="a">Philadelphia :</subfield>
    <subfield code="b">Wolters Kluwer / Lippincott Williams &amp; Wilkins, </subfield>
    <subfield code="c">c.2014.</subfield>
  </datafield>
  <datafield tag="300" ind1=" " ind2=" ">
    <subfield code="a">xvi, 574 p. :</subfield>
    <subfield code="b">forms, tables ;</subfield>
    <subfield code="c">26 cm.</subfield>
  </datafield>
  <datafield tag="504" ind1=" " ind2=" ">
    <subfield code="a">Includes bibliographical references and indexes.</subfield>
  </datafield>
  <datafield tag="505" ind1="0" ind2=" ">
    <subfield code="a">Philosophy, science, and nursing -- Overview of theory in nursing -- Concept development : clarifying meaning of terms -- Theory development : structuring conceptual relationships in nursing -- Theory analysis and evaluation -- Overview of grand nursing theories -- Grand nursing theories based on human needs -- Grand nursing theories based on interactive process -- Grand nursing theories based on unitary process -- Introduction to middle range nursing theories -- Overview of selected middle range nursing theories -- Evidence-based practice and nursing theory -- Theories from the sociologic sciences -- Theories from the behavioral sciences -- Theories from the biomedical sciences -- Theories, models, and frameworks from leadership and management -- Learning theories -- Application of theory in nursing practice -- Application of theory in nursing research -- Application of theory in nursing administration and management -- Application of theory in nursing education -- Future issues in nursing theory.</subfield>
  </datafield>
  <datafield tag="650" ind1=" " ind2="0">
    <subfield code="a">Nursing Theory</subfield>
    <subfield code="2">BUEsh</subfield>
    <subfield code="9">36317</subfield>
  </datafield>
  <datafield tag="653" ind1=" " ind2=" ">
    <subfield code="b">NNUR</subfield>
    <subfield code="c">April2015</subfield>
  </datafield>
  <datafield tag="655" ind1=" " ind2=" ">
    <subfield code="v">reading book</subfield>
    <subfield code="9">34232</subfield>
  </datafield>
  <datafield tag="700" ind1="1" ind2=" ">
    <subfield code="a">Wills, Evelyn M.</subfield>
    <subfield code="9">37673</subfield>
  </datafield>
  <datafield tag="942" ind1=" " ind2=" ">
    <subfield code="2">ddc</subfield>
  </datafield>
  <datafield tag="999" ind1=" " ind2=" ">
    <subfield code="c">19204</subfield>
    <subfield code="d">19176</subfield>
  </datafield>
  <datafield tag="952" ind1=" " ind2=" ">
    <subfield code="0">0</subfield>
    <subfield code="1">0</subfield>
    <subfield code="2">ddc</subfield>
    <subfield code="4">0</subfield>
    <subfield code="7">0</subfield>
    <subfield code="8">&#x627;&#x64A;&#x645;&#x643;</subfield>
    <subfield code="a">MAIN</subfield>
    <subfield code="b">MAIN</subfield>
    <subfield code="c">1ST</subfield>
    <subfield code="d">2015-04-21</subfield>
    <subfield code="e">purchase</subfield>
    <subfield code="g">522.00</subfield>
    <subfield code="h">2446</subfield>
    <subfield code="l">0</subfield>
    <subfield code="o">610.73 MCE</subfield>
    <subfield code="p">000038045</subfield>
    <subfield code="r">2025-07-15 00:00:00</subfield>
    <subfield code="v">652.50</subfield>
    <subfield code="y">BB</subfield>
  </datafield>
  <datafield tag="952" ind1=" " ind2=" ">
    <subfield code="0">0</subfield>
    <subfield code="1">0</subfield>
    <subfield code="2">ddc</subfield>
    <subfield code="4">0</subfield>
    <subfield code="7">0</subfield>
    <subfield code="8">&#x627;&#x64A;&#x645;&#x643;</subfield>
    <subfield code="a">MAIN</subfield>
    <subfield code="b">MAIN</subfield>
    <subfield code="c">1ST</subfield>
    <subfield code="d">2015-04-21</subfield>
    <subfield code="e">purchase</subfield>
    <subfield code="g">522.00</subfield>
    <subfield code="h">2445</subfield>
    <subfield code="l">6</subfield>
    <subfield code="m">25</subfield>
    <subfield code="o">610.73 MCE</subfield>
    <subfield code="p">000038046</subfield>
    <subfield code="r">2025-07-15 00:00:00</subfield>
    <subfield code="s">2020-12-15</subfield>
    <subfield code="v">652.50</subfield>
    <subfield code="y">BB</subfield>
  </datafield>
</record>
